000 00339nam a2200145Ia 4500
005 20251222141903.0
008 251222s9999||||xx |||||||||||||| ||spa||
020 _a84-414-0744-X
082 _a372.41/D88
100 _aDoman, Glenn J.
245 0 _aCómo Enseñar a Leer a su Bebé:
250 _a2a.ed.
264 _bEdaf
942 _cLIB
999 _c8113
_d8113